Nghiên cứu nuôi kết hợp cá rô đồng (Anabas testudineus) trong lồng và cá rô phi (Oreochromis niloticus) trong ao đất : Luận văn thạc sĩ chuyên ngành Nuôi trồng Thủy sản

Αποθηκεύτηκε σε:
Λεπτομέρειες βιβλιογραφικής εγγραφής
Κύριος συγγραφέας: Trần, Văn Bùi
Μορφή: Βιβλίο
Γλώσσα:Undetermined
Έκδοση: Cần Thơ Trường Đại học Cần Thơ 2005
Θέματα:
Ετικέτες: Προσθήκη ετικέτας
Δεν υπάρχουν, Καταχωρήστε ετικέτα πρώτοι!
Thư viện lưu trữ: Trung tâm Học liệu Trường Đại học Cần Thơ
LEADER 00798nam a2200193Ia 4500
001 CTU_161244
008 210402s9999 xx 000 0 und d
082 |a 639.31 
082 |b B510 
100 |a Trần, Văn Bùi 
245 0 |a Nghiên cứu nuôi kết hợp cá rô đồng (Anabas testudineus) trong lồng và cá rô phi (Oreochromis niloticus) trong ao đất : 
245 0 |b Luận văn thạc sĩ chuyên ngành Nuôi trồng Thủy sản 
245 0 |c Trần Văn Bùi ; Cán bộ hướng dẫn: Trần Thị Thanh Hiền 
260 |a Cần Thơ 
260 |b Trường Đại học Cần Thơ 
260 |c 2005 
650 |a Freshwater fishes 
904 |i Giang 
980 |a Trung tâm Học liệu Trường Đại học Cần Thơ